Statistics for Spot the Difference - U.S. States Map

Click here to take the quiz!

General Stats

  • This quiz has been taken 161 times
  • The average score is 6 of 8

Answer Stats

State % Correct
Florida
93%
Texas
92%
Alaska
87%
New York
85%
Maine
79%
Michigan
75%
Wyoming
40%
Montana
39%

Score Distribution

Percentile by Number Answered

Percent of People with Each Score

Your Score History

You have not taken this quiz